| 000 | 00675nam a2200205Ia 4500 | ||
|---|---|---|---|
| 003 | OSt | ||
| 005 | 20240508145410.0 | ||
| 008 | 210210b1999 xxu||||| |||| 00| 0 eng d | ||
| 040 | _cAL | ||
| 041 | _aKannada | ||
| 082 | _a954.871K DEVA | ||
| 100 |
_aDEVIPRASAD SAMPAJE (N S). _d ದೇವಿಪ್ರಸಾದ್ ಸಂಪಾಜೆ (ಏನ್ ಎಸ್) _9163782 |
||
| 245 |
_aAmara Sulyada svatantrya samara _b ಅಮರ ಸುಳ್ಳ್ಯದ ಸ್ವಾತಂತ್ರ ಸಮರ |
||
| 260 |
_aPuttur. _bKannada Prapancha Prakashana., _c1999 |
||
| 300 | _a133 | ||
| 650 |
_aSullia _9163783 |
||
| 690 |
_aSouth Kanara _9163784 |
||
| 906 | _a054771 | ||
| 942 |
_2ddc _cBK |
||
| 999 |
_c102887 _d102887 |
||